Human behavior in the social environment ; a social systems approach /

Bibliographic Details
Main Author: Anderson, Ralph E.
Other Authors: Carter, Irl E.
Format: Book
Language:English
Published: Chicago : Aldine Pub. Co., [1974]
Subjects:

MARC

Tag First Indicator Second Indicator Subfields
LEADER 00000cam a2200000 4500
001 in00000453521
005 20151012092523.0
008 740403s1974 ilua b 00110 eng
010 |a  73084929  
020 |a 0202360156 
020 |a 0202360164 (pbk.) 
035 |a (OCoLC)00867580 
035 |9 ABY7211AM 
040 |a DLC  |c DLC  |d CHS  |d TXA  |d UtOrBLW 
049 |a TXAM  |c [1337821] 
050 0 0 |a HM51  |b .A54 
082 0 |a 301.1 
100 1 |a Anderson, Ralph E. 
245 1 0 |a Human behavior in the social environment ;  |b a social systems approach /  |c [by] Ralph E. Anderson [and] Irl E. Carter. 
264 1 |a Chicago :  |b Aldine Pub. Co.,  |c [1974] 
300 |a vii, 183 pages :  |b illustrations ;  |c 25 cm. 
336 |a text  |b txt  |2 rdacontent 
337 |a unmediated  |b n  |2 rdamedia 
338 |a volume  |b nc  |2 rdacarrier 
504 |a Bibliography: pages 165-174. 
650 0 |a Social systems. 
650 0 |a Social institutions. 
650 0 |a Human behavior. 
650 2 |a Social Behavior. 
650 2 |a Social Environment. 
700 1 |a Carter, Irl E. 
999 |a MARS 
999 f f |s ace2f324-199f-3e25-8197-9935e4d5f7f7  |i 2b3be2d7-e432-3e65-b88b-03992516c2e4  |t 0 
952 f f |p ric  |a Texas A&M University  |b Rellis Campus  |c Joint Library Facility  |d Remote Storage  |t 0  |e HM51 .A54  |h Library of Congress classification  |i unmediated -- volume  |m A14802906110 
998 f f |a HM51 .A54  |t 0  |l Remote Storage